[Event "LSS WC-2009-F-00001"]
[Site "LSS email"]
[Date "2009.11.03"]
[Round "?"]
[White "Diaz, Sergio Moreira"]
[Black "Knight, Tom"]
[Result "1/2-1/2"]
[WhiteElo "2417"]
[BlackElo "2544"]
[PlyCount "66"]
[EventDate "2009.11.08"]
[EventType "tourn (corr)"]
[EventRounds "14"]
[EventCountry "GER"]
[SourceTitle "Telechess CBM 141"]
[Source "ChessBase"]
[SourceDate "2011.03.17"]
[SourceVersion "1"]
[SourceVersionDate "2011.03.17"]
[SourceQuality "1"]

1. e4 c5 2. Nf3 d6 3. d4 cxd4 4. Nxd4 Nf6 5. Nc3 a6 6. Bg5 e6 7. f4 Qc7 8. Qf3 Nbd7 9. 0-0-0 Be7 10. g4 b5 11. Bxf6 Nxf6 12. g5 Nd7 13. f5 Nc5 14. f6 gxf6 15. gxf6 Bf8 16. Rg1 h5 17. Kb1 b4 18. Nd5 exd5 19. exd5 Bg4 20. Re1+ Kd8 21. Qf2 Kc8 22. h3 Bd7 23. Rg7 Bxg7 24. fxg7 Rg8 25. Qxf7 Qd8 26. Bg2 Kb7 27. Ne6 Qa5 28. b3 Rac8 29. Be4 Kb8 30. Nf8 Bxh3 31. Qxg8 Nxe4 32. Rxe4 Qc5 33. Rc4 Qg1+ 1/2-1/2

[Event "LSS WC-2009-F-00001"]
[Site "LSS email"]
[Date "2009.11.03"]
[Round "?"]
[White "Loinjak, Sinisa"]
[Black "Diaz, Sergio Moreira"]
[Result "1/2-1/2"]
[WhiteElo "2524"]
[BlackElo "2418"]
[PlyCount "95"]
[EventDate "2009.11.08"]
[EventType "tourn (corr)"]
[EventRounds "14"]
[EventCountry "GER"]
[SourceTitle "Telechess CBM 141"]
[Source "ChessBase"]
[SourceDate "2011.03.17"]
[SourceVersion "1"]
[SourceVersionDate "2011.03.17"]
[SourceQuality "1"]

1. d4 Nf6 2. c4 e6 3. Nf3 b6 4. g3 Ba6 5. b3 Bb4+ 6. Bd2 Be7 7. Bg2 c6 8. Bc3 d5 9. Ne5 Nfd7 10. Nxd7 Nxd7 11. Nd2 0-0 12. 0-0 Rc8 13. e4 c5 14. exd5 exd5 15. Bxd5 Nf6 16. Bf3 cxd4 17. Bb2 b5 18. Rc1 Qb6 19. cxb5 Bxb5 20. Rxc8 Rxc8 21. Nc4 Bxc4 22. Bxd4 Bc5 23. Bxc5 Qxc5 24. bxc4 Qxc4 25. Bb7 Re8 26. Qd2 g6 27. Rc1 Qe2 28. Qc3 Kg7 29. Bd5 h5 30. h3 Qe5 31. Qxe5 Rxe5 32. Bb3 Re7 33. f3 Ne8 34. Rc5 Nd6 35. Kf2 Nf5 36. g4 hxg4 37. fxg4 Nd4 38. Bc4 Ne6 39. Ra5 Nd4 40. h4 Re4 41. Rxa7 Rxg4 42. Rxf7+ Kh6 43. Rf8 Rxh4 44. Ke3 Kg5 45. a4 Nc2+ 46. Kd3 Na3 47. Bb5 Nxb5 48. axb5 1/2-1/2

[Event "LSS WC-2008-F-00002"]
[Site "LSS email"]
[Date "2008.11.12"]
[Round "?"]
[White "Diaz, Sergio Moreira"]
[Black "Baklanov, Valentin Petrovich"]
[Result "1-0"]
[WhiteElo "2404"]
[BlackElo "2359"]
[PlyCount "103"]
[EventDate "2008.11.12"]
[EventType "tourn (corr)"]
[EventRounds "10"]
[EventCountry "GER"]
[SourceTitle "Corr 2011"]
[Source "ChessBase"]
[SourceDate "2010.08.31"]
[SourceVersion "1"]
[SourceVersionDate "2010.08.31"]
[SourceQuality "1"]

1. e4 c5 2. Nf3 d6 3. d4 cxd4 4. Nxd4 Nf6 5. Nc3 a6 6. Be3 e5 7. Nb3 Be6 8. f3 Nbd7 9. g4 Be7 10. Qd2 h6 11. 0-0-0 b5 12. h4 Nb6 13. Qf2 Nfd7 14. Kb1 Nc4 15. Bc1 Qb6 16. Qe1 Qa7 17. Nd5 Rc8 18. Na5 Bxd5 19. exd5 Nxa5 20. Qxa5 Qb7 21. Qd2 Qc7 22. Qg2 Qc5 23. Rh3 Bf6 24. Qe2 g6 25. f4 Ke7 26. Qe4 Qg1 27. fxe5 Nxe5 28. Be2 Qa7 29. Rf1 Bg7 30. h5 g5 31. Bd2 Qb7 32. Bb4 Rhd8 33. Rf5 Ke8 34. Re3 Qe7 35. Ba5 Rd7 36. Rf1 Kf8 37. Qf5 Qe8 38. Bb4 Rcd8 39. Bd3 Re7 40. Qh7 Nxg4 41. Rxe7 Qxe7 42. Bc3 Ne5 43. Bg6 f6 44. Bf5 Rb8 45. a3 Rb7 46. Ba5 Qe8 47. Be6 Rf7 48. Bc3 Nc4 49. Qf5 Rc7 50. Bxf6 Nd2+ 51. Ka2 Nxf1 52. Be5+ 1-0

[Event "LSS WC-2008-F-00002"]
[Site "LSS email"]
[Date "2008.11.12"]
[Round "?"]
[White "Diaz, Sergio Moreira"]
[Black "Daurelle, Herve"]
[Result "1/2-1/2"]
[WhiteElo "2390"]
[BlackElo "2331"]
[PlyCount "38"]
[EventDate "2008.11.12"]
[EventType "tourn (corr)"]
[EventRounds "10"]
[EventCountry "GER"]
[SourceTitle "Corr 2011"]
[Source "ChessBase"]
[SourceDate "2010.08.31"]
[SourceVersion "1"]
[SourceVersionDate "2010.08.31"]
[SourceQuality "1"]

1. e4 c5 2. Nf3 d6 3. d4 cxd4 4. Nxd4 Nf6 5. Nc3 Bd7 6. Bg5 e6 7. Qd2 a6 8. f3 Nc6 9. 0-0-0 Rc8 10. Kb1 Be7 11. h4 b5 12. Nxc6 Bxc6 13. Bd3 0-0 14. Ne2 Nd7 15. g4 Nc5 16. Nd4 Bb7 17. Bxe7 Qxe7 18. h5 Qc7 19. Nb3 e5 1/2-1/2

[Event "LSS WC-2008-F-00002"]
[Site "LSS email"]
[Date "2008.11.12"]
[Round "?"]
[White "Evans, Gordon R"]
[Black "Diaz, Sergio Moreira"]
[Result "1/2-1/2"]
[WhiteElo "2343"]
[BlackElo "2390"]
[PlyCount "52"]
[EventDate "2008.11.12"]
[EventType "tourn (corr)"]
[EventRounds "10"]
[EventCountry "GER"]
[SourceTitle "Corr 2011"]
[Source "ChessBase"]
[SourceDate "2010.08.31"]
[SourceVersion "1"]
[SourceVersionDate "2010.08.31"]
[SourceQuality "1"]

1. e4 c5 2. Nf3 d6 3. Bb5+ Bd7 4. Bxd7+ Qxd7 5. 0-0 Nc6 6. c3 Nf6 7. d4 Nxe4 8. d5 Ne5 9. Re1 Nxf3+ 10. Qxf3 Nf6 11. c4 e5 12. dxe6 fxe6 13. Bg5 Be7 14. Nc3 h6 15. Bh4 0-0 16. Qh3 Kf7 17. f4 Rae8 18. Rad1 a6 19. Re2 b5 20. b3 g6 21. Red2 Rd8 22. Bxf6 Bxf6 23. Ne4 Bd4+ 24. Rxd4 cxd4 25. Qxh6 Rh8 26. Ng5+ Kf6 1/2-1/2